00489nam a2200193Ia 4500003000400000005001700004008004100021020001800062040000700080041000800087082001700095100004400112245003900156250000600195260004700201300001600248365001400264650001700278OSt20230517115640.0210423s2011 xx 000 0 und d a9780321673879 cAL aeng a576 CAPJ223 aCAPPUCCINO (James G);SHERMAN (Natalie). aMicrobiology: a laboratory manual. a9 aNew DelhibPearson Benjamin Cummingsc2011 axvi,544bPB b4508cINR aMicrobiology